A constitutional and legal history of medieval England.

Bibliographic Details
Main Author: Lyon, Bryce Dale, 1920-
Format: Book
Language:English
Published: New York : Harper, [1960]
Subjects:

MARC

Tag First Indicator Second Indicator Subfields
LEADER 00000cam a2200000 4500
001 in00000054184
005 20151008051432.0
008 720420s1960 nyu b 00000 eng u
010 |a  60005725  
035 |a (OCoLC)00289130 
035 |9 AAG7875AM 
040 |c CNC  |d TXA  |d UtOrBLW 
049 |a TXAM  |c [417392] 
050 0 |a JN139  |b .L9 1960 
092 |a 342.42  |b L991c 
100 1 |a Lyon, Bryce Dale,  |d 1920- 
245 1 2 |a A constitutional and legal history of medieval England. 
264 1 |a New York :  |b Harper,  |c [1960] 
300 |a 671p :  |b illustrations ;  |c 25 cm. 
336 |a text  |b txt  |2 rdacontent 
337 |a unmediated  |b n  |2 rdamedia 
338 |a volume  |b nc  |2 rdacarrier 
504 |a Includes bibliography. 
650 0 |a Law  |z Great Britain  |x History. 
651 0 |a Great Britain  |x Politics and government  |y To 1485. 
999 |a MARS 
999 f f |s 4667a6fd-73b8-39e5-9908-823a002268d5  |i ed059e1b-6bf2-386b-af73-d6c475359aa7  |t 0 
952 f f |p ric  |a Texas A&M University  |b Rellis Campus  |c Joint Library Facility  |d Remote Storage  |t 0  |e JN139 .L9 1960  |h Library of Congress classification  |i unmediated -- volume  |m A14800786603 
998 f f |a JN139 .L9 1960  |t 0  |l Remote Storage